Eurovision year by top 5 (2000-2026) - Statistics

General Stats
  • This quiz has been taken 73 times
    10 since last reset
  • The average score is 6 of 8
Answer Stats
Countries Year % Correct
Russia, Latvia, Germany, Estonia, Denmark 2000
100%
Malta, United Kingdom, France, Latvia, Estonia 2002
100%
Serbia and Montenegro, Cyprus, Greece, Ukraine, Turkey 2004
100%
Malta, Romania, Latvia, Israel, Greece 2005
100%
Finland, Bosnia and Herzegovina, Romania, Sweden, Russia 2006
100%
Russia, Serbia, Bulgaria, Ukraine, Turkey 2007
100%
Ukraine, Greece, Russia, Norway, Armenia 2008
100%
Iceland, Azerbaijan, Norway, Turkey, United Kingdom 2009
100%
Germany, Denmark, Turkey, Romania, Azerbaijan 2010
100%
Italy, Ukraine, Azerbaijan, Denmark, Sweden 2011
100%
Sweden, Serbia, Albania, Azerbaijan, Russia 2012
100%
Portugal, Belgium, Moldova, Bulgaria, Sweden 2017
100%
Croatia, France, Switzerland, Israel, Ukraine 2024
100%
Italy, Sweden, Austria, Estonia, Israel 2025
100%
Romania, Australia, Bulgaria, Israel, Italy 2026
100%
Australia, Russia, Sweden, Bulgaria, Ukraine 2016
75%
Cyprus, Israel, Germany, Italy, Austria 2018
67%
United Kingdom, Sweden, Ukraine, Spain, Serbia 2022
67%
Russia, Sweden, Italy, Switzerland, Netherlands 2019
50%
France, Italy, Switzerland, Ukraine, Iceland 2021
50%
France, Estonia, Greece, Denmark, Sweden 2001
33%
Azerbaijan, Denmark, Ukraine, Norway, Russia 2013
33%
Turkey, Norway, Russia, Belgium, Sweden 2003
0%
Austria, Netherlands, Hungary, Sweden, Armenia 2014
0%
Belgium, Sweden, Russia, Australia, Italy 2015
0%
Sweden, Israel, Norway, Finland, Italy 2023
0%
No matching quizzes found
Score Distribution
Percent of People with Each Score
Percentile by Number Answered
Your Score History
You have not taken this quiz since the last reset